Pokémon - Les attaques de Crabicoque - Statistiques

Statistiques générales
  • Ce quiz a été pris 12 fois
  • Le résultat moyen est 13 sur 14
Statistiques - réponses
Niveaux Types Noms des attaques % Correct
Niveau 8 Roche Anti-Air
100%
Niveau 32 Roche Boule Roc
100%
Niveau 24 Roche Éboulement
100%
Niveau 44 Normal Exuviation
100%
Départ Sol Jet de Sable
100%
Niveau 12 Insecte Piqûre
100%
Niveau 4 Eau Repli
100%
Niveau 48 Roche Roc-Boulet
100%
Départ Insecte Taillade
100%
Niveau 20 Normal Tranche
100%
Niveau 28 Roche Piège de Roc
80%
Niveau 36 Insecte Plaie Croix
80%
Niveau 40 Roche Poliroche
80%
Niveau 16 Normal Gigotage
60%
Aucun quiz correspondant
Distribution des résultats
% des personnes avec chaque résultat
Percentile par nombre de réponses
Votre historique - résultats
Vous n’avez pas pris ce quiz